PHARMACOLOGY FOR NURSES (Record no. 21954)
[ view plain ]
| 000 -LEADER | |
|---|---|
| fixed length control field | 00338nam a22001577a 4500 |
| 003 - CONTROL NUMBER IDENTIFIER | |
| control field | SGT |
| 020 ## - INTERNATIONAL STANDARD BOOK NUMBER | |
| International Standard Book Number | 9789386896452 |
| 082 ## - DEWEY DECIMAL CLASSIFICATION NUMBER | |
| Classification number | 615 |
| Item number | P20M |
| 100 ## - MAIN ENTRY--PERSONAL NAME | |
| Personal name | MASIH, SHABNAM |
| 245 ## - TITLE STATEMENT | |
| Title | PHARMACOLOGY FOR NURSES |
| 250 ## - EDITION STATEMENT | |
| Edition statement | 5TH |
| 260 ## - PUBLICATION, DISTRIBUTION, ETC. (IMPRINT) | |
| Place of publication, distribution, etc | INDIA |
| Name of publisher, distributor, etc | LOTUS PUB |
| Year of Publication | 2020 |
| 300 ## - PAGE DESCRIPTION | |
| No. of Pages | 336 |
| 650 ## - SUBJECT ADDED ENTRY--TOPICAL TERM | |
| Topical term or geographic name as entry element | PHARMACOLOGY |
| 942 ## - ADDED ENTRY ELEMENTS (KOHA) | |
| Source of classification or shelving scheme | Dewey Decimal Classification |
| Koha item type | Books |
| 942 ## - ADDED ENTRY ELEMENTS (KOHA) | |
| -- | 177 |
| Withdrawn status | Lost status | Source of classification or shelving scheme | Damaged status | Not for loan | Collection code | Home library | Current library | Shelving location | Date acquired | Vendor Name | Cost, normal purchase price | SGTU | Bill Number | Total Checkouts | Full call number | Accession No. (Barcode) | Checked out | Date last seen | Date last borrowed | Bill Date | Koha item type | Total Renewals |
|---|---|---|---|---|---|---|---|---|---|---|---|---|---|---|---|---|---|---|---|---|---|---|
| Dewey Decimal Classification | NURSING | SGT Medical Library | SGT Medical Library | Text Book | 12/10/2021 | ABC DELHI | 330.00 | SGTU | 13309 | 37 | 615 P20M | FN4536 | 06/06/2026 | 23/05/2026 | 23/05/2026 | Books | ||||||
| Dewey Decimal Classification | NURSING | SGT Medical Library | SGT Medical Library | Text Book | 12/10/2021 | ABC DELHI | 330.00 | SGTU | 13309 | 35 | 615 P20M | FN4537 | 04/06/2026 | 21/05/2026 | 21/05/2026 | Books | ||||||
| Dewey Decimal Classification | NURSING | SGT Medical Library | SGT Medical Library | Text Book | 12/10/2021 | ABC DELHI | 330.00 | SGTU | 13309 | 57 | 615 P20M | FN4538 | 08/05/2026 | 30/04/2026 | Books | 2 | ||||||
| Dewey Decimal Classification | NURSING | SGT Medical Library | SGT Medical Library | Text Book | 12/10/2021 | ABC DELHI | 330.00 | SGTU | 13309 | 51 | 615 P20M | FN4539 | 06/06/2026 | 23/05/2026 | 23/05/2026 | Books | ||||||
| Dewey Decimal Classification | NURSING | SGT Medical Library | SGT Medical Library | Text Book | 12/10/2021 | ABC DELHI | 330.00 | SGTU | 13309 | 50 | 615 P20M | FN4540 | 04/06/2026 | 21/05/2026 | 21/05/2026 | Books | 1 |